|
|
|
|
| LEADER |
00000nam a2200000 4500 |
| 001 |
vtls012128568 |
| 003 |
SK-MaSNL |
| 005 |
20260301231117.0 |
| 008 |
220325s2021 xo 000 0 slo |
| 020 |
|
|
|a 9788022548724
|q (brožované)
|
| 040 |
|
|
|a SNK
|b slo
|c SNK
|e rda
|
| 041 |
0 |
|
|a slo
|
| 044 |
|
|
|a xo
|c SK
|
| 072 |
|
7 |
|2 konspekt
|
| 080 |
|
|
|2 2011
|
| 100 |
1 |
|
|a Kultan, Jaroslav,
|d 1960-
|4 aut
|9 10770
|
| 245 |
1 |
0 |
|a Identifikácia nelineárnych systémov metódou úsekovej linearizácie a jej využitie pri rozhodovaní v energetike
|b študijný odbor: Ekonómia a manažment : pracovisko: Katedra aplikovanej informatiky
|c Jaroslav Kultan
|
| 264 |
|
1 |
|a Bratislava
|b Ekonomická univerzita v Bratislave, Fakulta hospodárskej informatiky
|c 2021
|
| 300 |
|
|
|a 65 strán
|c 21 cm
|
| 336 |
|
|
|a text
|b txt
|2 rdacontent
|
| 337 |
|
|
|a bez média
|b n
|2 rdamedia
|
| 338 |
|
|
|a zväzok
|b nc
|2 rdacarrier
|
| 490 |
1 |
|
|a Habilitačné a inauguračné prednášky
|
| 810 |
2 |
|
|a Ekonomická univerzita v Bratislave.
|b Fakulta hospodárskej informatiky
|t Habilitačné a inauguračné prednášky
|9 325035
|
| 919 |
|
|
|a 978-80-225-4872-4
|
| 999 |
|
|
|c 957166
|d 959096
|
| 952 |
|
|
|a SNK
|b SNK
|y NEVYP
|7 1
|p 17A1481133
|o snkSC 196686
|i snk2022/4787
|8 0
|0 0
|1 0
|4 0
|d 2022-03-25
|l 0
|r 2026-02-24 10:07:43
|w 2026-02-24
|
| 952 |
|
|
|a SNK
|b SNK
|y VYP
|7 0
|p 17A1481134
|o snkSC 196686 D1
|i snk2022/4788
|8 0
|0 0
|1 0
|4 0
|d 2022-03-25
|l 0
|r 2026-02-24 10:07:43
|w 2026-02-24
|